Breaking the Laugh Barrier : An Original Cartoon Book /

Shranjeno v:
Bibliografske podrobnosti
Glavni avtor: Fradon, Dana (autor)
Format: Knjiga
Jezik:angleščina
Izdano: Nueva York, EUA : Dell, 1961, c1961
Teme:
Oznake: Označite
Brez oznak, prvi označite!

MARC

LEADER 00000nam^a2200000^a^4500
001 000185870
005 20250521000000.0
009 20260310102205.719
037 |a Acervo ITESO - Biblioteca 
041 |a ING 
082 |a 741. 57  |b FRA 
100 |a Fradon, Dana  |e (autor) 
245 1 0 |a Breaking the Laugh Barrier :  |b An Original Cartoon Book /  |c D. Fradon. 
264 4 |a Nueva York, EUA :  |b Dell,  |c 1961, c1961 
300 |a 1 v. (sin paginación) 
336 |a texto  |b txt  |2 rdacontenido 
337 |a sin mediación  |b n  |2 rdamedio 
338 |a volumen  |b nc  |2 rdasoporte 
649 |a XX 
650 |a Aviones 
650 |a Transporte Aéreo 
650 |a Sistema de Transporte 
650 |a Historietas y Caricaturas de Humor 
650 |a Historietas y Caricaturas Norteamericanas 
650 |a Medios de Comunicación 
650 |a Comunicación Masiva 
910 |a Fondo General 
920 |a Impresos - Libros 
930 |a Colección General 
905 |a 101 
901 |a 0500127092  |b IT1  |c ACC  |u 20250521 
902 |a https://opac.biblio.iteso.mx/vufind/Record/000185870